Space - Statistics

General Stats
  • This quiz has been taken 142 times
  • The average score is 11 of 15
Answer Stats
Hint Answer % Correct
Bigget Planet Jupiter
98%
Red Planet In Our SolarSystem Mars
98%
Closest To The Sun Mercury
98%
Our Planet Earth
96%
Star in the Solar System Sun
91%
Solar System is in thisGalaxy Milky Way
86%
Milky Way is by This Galaxy Andromeda
78%
Is there more universes out there? No
78%
Saturn's Most KnownMoon Titan
65%
"A cloud of dust or gas inouter space" Nebula
61%
Star that Starts with an Rand is bigger than the Sun Rigel
58%
Fully Gas Planet Venus
54%
Bigger than Rigel and beginsB Betelguese
42%
The Most Famous BlackHole Sagittarius A
36%
How many Earths can fit inthe Sun 1.3 Million
15%
No matching quizzes found
Score Distribution
Percent of People with Each Score
Percentile by Number Answered
Your Score History
You have not taken this quiz